Loading...
| Current Events | 2 | 10.00 | 100% | 0% | 0% |
| Fine Arts - Auditory Fine Arts | 4 | 5.00 | 25% | 25% | 0% |
| Fine Arts - Other Fine Arts | 7 | 12.86 | 71% | 57% | 0% |
| Geography | 1 | 20.00 | 100% | 100% | 0% |
| History - American History | 3 | 10.00 | 100% | 0% | 0% |
| History - European History | 3 | 6.67 | 33% | 33% | 0% |
| History - Other History | 3 | 13.33 | 100% | 33% | 0% |
| History - World History | 2 | 10.00 | 100% | 0% | 0% |
| Literature - American Literature | 7 | 17.14 | 100% | 43% | 29% |
| Literature - British Literature | 6 | 11.67 | 83% | 17% | 17% |
| Literature - World Literature | 4 | 12.50 | 100% | 25% | 0% |
| Mythology | 2 | 10.00 | 50% | 0% | 50% |
| Other Academic | 2 | 15.00 | 100% | 50% | 0% |
| Philosophy | 4 | 12.50 | 100% | 25% | 0% |
| Religion | 5 | 12.00 | 80% | 40% | 0% |
| Science - Biology | 4 | 10.00 | 75% | 25% | 0% |
| Science - Chemistry | 3 | 10.00 | 67% | 33% | 0% |
| Science - Other Science | 5 | 14.00 | 100% | 40% | 0% |
| Science - Physics | 2 | 15.00 | 100% | 50% | 0% |
| Social Science | 2 | 10.00 | 100% | 0% | 0% |